<?xml version="1.0" encoding="UTF-8"?>
<record
    xmlns:xsi="http://www.w3.org/2001/XMLSchema-instance"
    xsi:schemaLocation="http://www.loc.gov/MARC21/slim http://www.loc.gov/standards/marcxml/schema/MARC21slim.xsd"
    xmlns="http://www.loc.gov/MARC21/slim">

  <leader>01050nam a2200205 a 4500</leader>
  <controlfield tag="008">150917s2013    ||||||||||||||||| ||    u</controlfield>
  <datafield tag="050" ind1=" " ind2=" ">
    <subfield code="a">ZIPAR(05)PB/2013/10A</subfield>
  </datafield>
  <datafield tag="100" ind1=" " ind2=" ">
    <subfield code="a">Chikuba, Zali</subfield>
  </datafield>
  <datafield tag="245" ind1="1" ind2="0">
    <subfield code="a">Making public transport in Lusaka city more efficient and effective</subfield>
    <subfield code="c">By Zali Chikuba and ROM Engineering</subfield>
  </datafield>
  <datafield tag="260" ind1=" " ind2=" ">
    <subfield code="a">Lusaka:</subfield>
    <subfield code="b">Zambia Institute for Policy Analysis and Research (ZIPAR)</subfield>
    <subfield code="c">2013</subfield>
  </datafield>
  <datafield tag="300" ind1=" " ind2=" ">
    <subfield code="a">[4p.]: ill.</subfield>
  </datafield>
  <datafield tag="362" ind1="1" ind2=" ">
    <subfield code="a">Based on the working paper " Trip modelling and cost analysis for public transport system"</subfield>
  </datafield>
  <datafield tag="650" ind1=" " ind2=" ">
    <subfield code="a">LIBERALISATION ON TRANSPORT SECTOR--ZAMBIA</subfield>
  </datafield>
  <datafield tag="650" ind1=" " ind2=" ">
    <subfield code="a">TRANSPORT INDUSTRY</subfield>
  </datafield>
  <datafield tag="650" ind1=" " ind2=" ">
    <subfield code="a">POLICY ANALYSIS--ZAMBIA</subfield>
  </datafield>
  <datafield tag="710" ind1=" " ind2=" ">
    <subfield code="a">ROM Engineering</subfield>
  </datafield>
  <datafield tag="710" ind1=" " ind2=" ">
    <subfield code="a">Zambia Institute for Policy Analysis &amp; Research (ZIPAR)</subfield>
  </datafield>
  <datafield tag="995" ind1=" " ind2=" ">
    <subfield code="a">SPECIAL COLLECTIONS</subfield>
    <subfield code="e">2040</subfield>
    <subfield code="F">CBU-MAIN LIBRARY (Kitwe)</subfield>
    <subfield code="j">ZIPAR(05)PB/2013/10A</subfield>
    <subfield code="M">1</subfield>
    <subfield code="U">AVAILABLE</subfield>
    <subfield code="W">Sep 17, 2015</subfield>
    <subfield code="y">B2040</subfield>
    <subfield code="Z">Zambiana Collection</subfield>
  </datafield>
  <datafield tag="995" ind1=" " ind2=" ">
    <subfield code="a">SPECIAL COLLECTIONS</subfield>
    <subfield code="e">2041</subfield>
    <subfield code="F">CBU-MAIN LIBRARY (Kitwe)</subfield>
    <subfield code="j">ZIPAR(05)PB/2013/10B</subfield>
    <subfield code="M">2</subfield>
    <subfield code="U">AVAILABLE</subfield>
    <subfield code="W">Sep 17, 2015</subfield>
    <subfield code="y">B2041</subfield>
    <subfield code="Z">Zambiana Collection</subfield>
  </datafield>
  <datafield tag="999" ind1=" " ind2=" ">
    <subfield code="c">82342</subfield>
    <subfield code="d">82342</subfield>
  </datafield>
  <datafield tag="952" ind1=" " ind2=" ">
    <subfield code="0">0</subfield>
    <subfield code="1">0</subfield>
    <subfield code="2">lcc</subfield>
    <subfield code="4">0</subfield>
    <subfield code="7">0</subfield>
    <subfield code="a">001</subfield>
    <subfield code="b">001</subfield>
    <subfield code="c">Zambiana Collection</subfield>
    <subfield code="d">2023-09-27</subfield>
    <subfield code="l">0</subfield>
    <subfield code="o">ZIPAR(05)PB/2013/10A</subfield>
    <subfield code="p">B2040</subfield>
    <subfield code="r">2023-09-27</subfield>
    <subfield code="t">1</subfield>
    <subfield code="w">2023-09-27</subfield>
    <subfield code="y">023</subfield>
  </datafield>
  <datafield tag="952" ind1=" " ind2=" ">
    <subfield code="0">0</subfield>
    <subfield code="1">0</subfield>
    <subfield code="2">lcc</subfield>
    <subfield code="4">0</subfield>
    <subfield code="7">0</subfield>
    <subfield code="a">001</subfield>
    <subfield code="b">001</subfield>
    <subfield code="c">Zambiana Collection</subfield>
    <subfield code="d">2023-09-27</subfield>
    <subfield code="l">0</subfield>
    <subfield code="o">ZIPAR(05)PB/2013/10B</subfield>
    <subfield code="p">B2041</subfield>
    <subfield code="r">2023-09-27</subfield>
    <subfield code="t">2</subfield>
    <subfield code="w">2023-09-27</subfield>
    <subfield code="y">023</subfield>
  </datafield>
</record>
